| 000 | 00342nam a2200133Ia 4500 | ||
|---|---|---|---|
| 008 | 191201s2019 xx 000 0 und d | ||
| 082 | _a612 KUA | ||
| 100 | _aKUMAR, N | ||
| 245 | 0 | _aAnatomy Physiology and Health Education | |
| 260 |
_bAITBS Pub. _aNew Delhi _c2019 |
||
| 300 | _a516 | ||
| 650 | _aHuman Anatomy & Physiology | ||
| 942 |
_2ddc _cBK |
||
| 999 |
_c8196 _d8196 |
||